000 00318nam a2200133Ia 4500
008 240624s9999 xx 000 0 und d
041 _aeng
082 _a658.472 ACH
100 _aACHARYA SEEMA
245 _aBIG DATA AND ANALYTICS
260 _c2015
_aNew Delhi
_bWiley India
300 _a356 : p.
365 _cRS
_b33
999 _c24425
_d24425